| 000 | 01907nam a22004817a 4500 | ||
|---|---|---|---|
| 001 | 000095772 | ||
| 003 | CHAP | ||
| 005 | 20220329143124.0 | ||
| 008 | 060523d2005 mx d r 00110 spa d | ||
| 010 | _a92238 | ||
| 011 | _a93210 | ||
| 035 | _a103782 | ||
| 040 | _cCHAP | ||
| 090 | _aTesis | ||
| 100 | 1 |
_aGuillén Alvarado, Rosa Angélica. _951382 |
|
| 245 | 1 | 0 |
_aPerfiles de riesgos climatológicos para la producción de frutas y hortalizas en México. (destino de la producción : _bla central de abasto de la Ciudad de México) / _c/por Rosa Angélica Guillén Alvarado. |
| 260 |
_aChapingo, Méx. : _bEl autor, _c2005. |
||
| 300 |
_a62 h. : _bgráfs. ; cuadros ; tablas ; anexos. |
||
| 502 | _aTesis (Lic. en Economía Agrícola) -- UACH. División de Ciencias Económico Administrativas | ||
| 590 |
_aALEPH _b10 _c20130110 _lUCH01 _h1511 |
||
| 590 |
_aBATCH-UPD _b10 _c20130110 _lUCH01 _h0617 |
||
| 590 |
_aBATCH-UPD _b10 _c20130410 _lUCH01 _h0300 |
||
| 590 |
_aBATCH-UPD _b10 _c20130914 _lUCH01 _h0045 |
||
| 590 |
_aBATCH-UPD _b10 _c20140324 _lUCH01 _h1457 |
||
| 590 |
_aBATCH-UPD _b10 _c20141002 _lUCH01 _h0830 |
||
| 590 |
_aCONVERSION _b10 _c20130109 _lUCH01 _h1351 |
||
| 590 |
_aE5765TAJ _b10 _c20130613 _lUCH01 _h1133 |
||
| 590 |
_aE5765TAJ _b10 _c20130613 _lUCH01 _h1133 |
||
| 650 | 1 | 4 |
_aAgricultura _zMéxico. _91932 |
| 650 | 1 | 4 |
_aCultivos y clima. _930392 |
| 650 | 1 | 4 |
_aCultivos _xRendimiento. _930318 |
| 650 | 1 | 4 |
_aCultivos _zMéxico. _930363 |
| 650 | 1 | 4 |
_aFruta _xRendimiento. _943657 |
| 650 | 1 | 4 |
_aFrutas y legumbres. _943679 |
| 650 | 1 | 4 |
_aLegumbres _xRendimiento. _965781 |
| 856 |
_3Finding aid _uhttp://10.13.5.2/tesis/103782.pdf _zTeclea aquí |
||
| 901 | _aBK | ||
| 905 | _aMarco A. Mendoza T. | ||
| 942 | _cCD | ||
| 942 | _n0 | ||
| 949 |
_aTesis _bBC _cTES _d00000001037821 _eTS1 _gDonaciØn _h45272 _i103782 _sb |
||
| 949 |
_aTesis _bBC _cTES _d33724000999348 _eTS2 _fc.2 _gDonaciØn _h45273 _i103782 _sb |
||
| 999 |
_c92238 _d92238 |
||